Toy Story 1+2 Trivia - Statistics

General Stats
  • This quiz has been taken 637 times
  • The average score is 11 of 12
Answer Stats
Question Answer % Correct
What is the name of Andy’s toy dinosaur Rex
99%
What is the name of the mean boy who lives next door to Andy in the first film? Sid
99%
What’s Andy sister’s name? Molly
97%
Where did Andy go in Toy Story 2? Cowboy Camp
96%
What did Andy get as his birthday present in the first movie? Buzz Lightyear
90%
What was not one of the three toys that Woody met after Al stole Woody? Slinky
88%
Who does Woody save from getting on the plane at the end of Toy Story 2? Jessie
87%
What was the name of Jessie’s original owner? Emily
84%
Who calls Woody a murderer in the first film? Mr. Potato Head
82%
What country was the Roundup gang supposed to be sold to? Japan
80%
What toy did Woody save at the beginning of the second film? Wheezy
79%
What year was the first Toy Story movie released? 1995
69%
No matching quizzes found
Score Distribution
Percent of People with Each Score
Percentile by Number Answered
Your Score History
You have not taken this quiz